| 000 | 01623nam2a22003971 4500 | ||
|---|---|---|---|
| 001 | v19\rc\1485774 | ||
| 005 | 20250618154315.0 | ||
| 035 | _a(NLR Aleph) 004617408 | ||
| 090 |
_a2994987 _c2994987 |
||
| 100 | _a20060620d1881 |||y0rusy50 ca | ||
| 101 | 0 | _arus | |
| 102 | _aRU | ||
| 105 | _ay z ||||| | ||
| 200 | 1 | _aИстория литератур греческой и римской | |
| 210 |
_d1881 _aБ. м. |
||
| 215 | _aVI, 609-1698 с. | ||
| 461 | 0 |
_1001v19\rc\1485772 _12001#$aВсеобщая история литературы$eСост. по источникам и новейшим исслед., при участии рус. ученых и литераторов$fПод ред. В.Ф. Корша. Т. 1$vТ. 1. Ч. 2 _92994967 _cСанкт-Петербург _d1880-1892 _fПод ред. В.Ф. Корша. Т. 1 _nК. Риккер _oСост. по источникам и новейшим исслед., при участии рус. ученых и литераторов _tВсеобщая история литературы _vТ. 1. Ч. 2 |
|
| 801 | 0 |
_aRU _bNLR _gpsbo |
|
| 801 | 0 |
_aRU _bRuMoRGB _2psbo |
|
| 801 | 1 |
_aRU _bProSoft-M _2rusmarc |
|
| 852 |
_aNLR _j132/3874 |
||
| 852 |
_aNLR _j18.322.2.5 |
||
| 852 |
_aNLR _j17.160.5.2 |
||
| 899 |
_aRuMoRGB _jW 473/8 |
||
| 899 |
_aRuMoRGB _jM 53/106 |
||
| 899 |
_aRuMoRGB _jРб 1/546 |
||
| 899 |
_aRuMoRGB _jW 142/2 |
||
| 899 |
_aRuMoRGB _jРб 45/101 |
||
| 899 |
_aRuMoRGB _jN 19/62 |
||
| 899 |
_aRuMoRGB _jV 405/23 |
||
| 899 | _aБАН | ||
| 899 | _aНБ СПбГУ | ||
| 899 | _aГПИБ | ||
| 899 | _aНБ МГУ | ||
| 942 | _cBOOK | ||
| 980 | _aNB | ||